=LDR 00000nam 2200000 4500 =001 000521 =005 20250710114734 =035 ##$$a 0010-0725000384 =007 ta =008 250710################a##########0#ind## =020 ##$$a 978-623-307-358-5 =082 ##$$a 398.209 598 =084 ##$$a 398.209 598 HEU h =100 #$$a Angelika Heuer =245 1#$$a Hari pertama dilan masuk sekolah /$c Angelika heuer =250 ##$$a Cetakan Pertama =260 ##$$a Rawamangun :$b Badan Pengembangan dan Pembinaan Bahasa,$c 2022 =300 ##$$a 14 hlm. : $b Ilus. ; $c 29,7 cm. =650 #4$$a Cerita Anak Indonesia - Terjemahan =600 #4$$a Literasi - Bahan bacaan =856 ##$$a TBM AS SUHADA =990 ##$$a TBM02750275